000 00891nam a2200217Ii 4500
003 JO-AjNU
008 230605s9999||||xx |||||||||||||| ||und||
017 _a2013/7/2546
040 _aJO-AjNU
_bara
_erda
_cJO-AjNU
041 _aara
050 1 4 _aQA445.S535 2011
100 3 _aتاليف شاكر، محمود,
_eauthor
_945917
245 0 0 _aنظريات وقوانين جديدة: القاعدة الذهبية في القطع المكافىء والمنحنيات كثيرة الحدود: المثلث - الدائرة - المظلعات - الخط المستقيم - الأشكال الرعية، الجزء الثاني
250 _aط1
264 3 1 _aعمان: دار جليس الزمان، 2014
300 _aج2، 137ص
336 _atext
_btxt
_2rdacontent
337 _aunmediated
_bn
_2rdamedia
338 _avolume
_bnc
_2rdacarrier
650 4 _aالرياضيات
_945918
999 _aA19938
_c23506
_d23506